[Event "Hallsberg op 9900 35th"]
[Site "Hallsberg"]
[Date "2000.??.??"]
[Round "2"]
[White "Loenngren, Tobias"]
[Black "Jens, Jelmer"]
[Result "0-1"]
[WhiteElo "2009"]
[BlackElo "2293"]
[PlyCount "80"]
[EventDate "1999.??.??"]
[EventType "swiss"]
[EventRounds "9"]
[EventCountry "SWE"]
[SourceTitle "EXT 2001"]
[Source "ChessBase"]
[SourceDate "2000.11.22"]
[SourceVersion "1"]
[SourceVersionDate "2000.11.22"]
[SourceQuality "1"]

1. d4 Nf6 2. Nf3 g6 3. c4 Bg7 4. g3 0-0 5. Bg2 d6 6. 0-0 Nbd7 7. Nc3 e5 8. h3 c6 9. e4 Qb6 10. Re1 exd4 11. Nxd4 Ne8 12. Nb3 a5 13. Bf1 a4 14. Be3 Qb4 15. Nd4 Qxb2 16. Rc1 Qb4 17. f4 Nc5 18. Qd2 Qa5 19. Qf2 Nf6 20. Qf3 Re8 21. Bf2 Re7 22. g4 h6 23. Kh1 Bd7 24. Bh4 Ree8 25. Rcd1 Nh7 26. Bg3 Rad8 27. h4 Bc8 28. g5 hxg5 29. hxg5 Bg4 30. Qxg4 Qxc3 31. e5 dxe5 32. fxe5 Nxg5 33. Qxg5 Rxd4 34. Rc1 Ne6 35. Rxc3 Nxg5 36. Bg2 Red8 37. c5 Rd3 38. Re3 Rxe3 39. Rxe3 Rd1+ 40. Kh2 Ne6 0-1

[Event "Nordic-chT U20"]
[Site "Espoo"]
[Date "2000.??.??"]
[Round "4"]
[White "Loenngren, Tobias"]
[Black "Landgren, Philip"]
[Result "1/2-1/2"]
[WhiteElo "2009"]
[BlackElo "2136"]
[PlyCount "91"]
[EventDate "2000.??.??"]
[EventType "team"]
[EventRounds "6"]
[EventCountry "FIN"]
[SourceTitle "EXT 2001"]
[Source "ChessBase"]
[SourceDate "2000.11.22"]
[SourceVersion "1"]
[SourceVersionDate "2000.11.22"]
[SourceQuality "1"]

1. d4 Nf6 2. Nf3 g6 3. c4 Bg7 4. g3 0-0 5. Bg2 a6 6. Nc3 Nc6 7. 0-0 Rb8 8. b3 b5 9. cxb5 axb5 10. Bb2 b4 11. Nb1 Bb7 12. Nbd2 d6 13. Qc2 Qd7 14. e4 Rfc8 15. Rfe1 Nd8 16. e5 Nd5 17. Ne4 Ne6 18. Qd2 Qb5 19. Nfg5 Nxg5 20. Nxg5 h6 21. Ne4 dxe5 22. dxe5 Rd8 23. Qc2 Bc8 24. Bf1 Qa5 25. Bc4 Bf5 26. Qe2 c6 27. a4 Qc7 28. Nc5 Qa5 29. Ne4 Nc3 30. Nxc3 bxc3 31. Bc1 Rd4 32. Qf3 Bxe5 33. Bxh6 c2 34. Rac1 Bf6 35. Bf4 Rb4 36. Qxc6 Rdxc4 37. bxc4 Rb1 38. Qe8+ Kg7 39. Rxe7 Bxe7 40. Qxe7 Rxc1+ 41. Bxc1 Qc3 42. Qe3 Qxc4 43. Qh6+ Kg8 44. Bd2 f6 45. Qe3 Bh3 46. Qe8+ 1/2-1/2

[Event "Hallsberg op 9900 35th"]
[Site "Hallsberg"]
[Date "2000.??.??"]
[Round "1"]
[White "Nygren, Kim"]
[Black "Loenngren, Tobias"]
[Result "0-1"]
[WhiteElo "2189"]
[BlackElo "2009"]
[PlyCount "100"]
[EventDate "1999.??.??"]
[EventType "swiss"]
[EventRounds "9"]
[EventCountry "SWE"]
[SourceTitle "EXT 2001"]
[Source "ChessBase"]
[SourceDate "2000.11.22"]
[SourceVersion "1"]
[SourceVersionDate "2000.11.22"]
[SourceQuality "1"]

1. e4 d6 2. d4 g6 3. Nc3 c6 4. Bc4 Bg7 5. Be3 Nd7 6. Qd2 b5 7. Bb3 Nb6 8. Nf3 Nc4 9. Bxc4 bxc4 10. d5 c5 11. h3 Rb8 12. e5 f6 13. e6 Rxb2 14. 0-0 f5 15. Rab1 Rxb1 16. Rxb1 Nf6 17. Ng5 0-0 18. Ne2 Qc7 19. Nf4 Ne4 20. Nxe4 fxe4 21. Qe2 Ba6 22. h4 Qa5 23. h5 Qxa2 24. Rc1 g5 25. Nh3 h6 26. Qg4 Qb2 27. c3 Bxc3 28. Qxe4 Bg7 29. Rb1 Qe5 30. Qg6 Qf6 31. Qc2 c3 32. Ra1 Bc4 33. Qe4 Bb3 34. Rxa7 c2 35. Rb7 c4 36. Ra7 Qf5 37. Qxf5 Rxf5 38. Rxe7 Rxd5 39. Re8+ Kh7 40. f4 Rd1+ 41. Kf2 g4 42. Ng5+ hxg5 43. fxg5 Bd4 44. Re7+ Kh8 45. Re8+ Kg7 46. h6+ Kg6 47. e7 Bxe3+ 48. Kg3 Ba4 49. Rg8+ Kf5 50. h7 Bf4+ 0-1